Teilnehmer Eurovision Song Contest 2022 - Statistiken

Allgemein
  • Dieses Quiz wurde 316 mal gespielt
    275 seit der letzten Aktualisierung
  • Das Durchschnittsergebnis liegt bei 28 aus 41
Antwortstatistiken
Antwort % Korrekt
Deutschland
95%
Spanien
90%
Schweden
87%
Frankreich
85%
Norwegen
82%
Albanien
81%
Belgien
81%
Finnland
81%
Italien
81%
Ukraine
81%
Portugal
79%
Österreich
78%
Schweiz
78%
Niederlande
76%
Vereinigtes Königreich
75%
Estland
73%
Griechenland
72%
Irland
72%
Australien
71%
Dänemark
71%
Lettland
71%
Litauen
71%
Polen
71%
Armenien
67%
Island
66%
Aserbaidschan
65%
Serbien
62%
Slowenien
61%
Tschechien
59%
Bulgarien
58%
Kroatien
58%
Zypern
57%
Malta
54%
Georgien
53%
Israel
52%
Moldawien
52%
Nordmazedonien
52%
Rumänien
51%
Montenegro
49%
San Marino
48%
Russland
37%
Keine übereinstimmenden Quizze gefunden
Verteilung der Resultate
Anzahl Personen mit jedem Resultat
Perzentil nach korrekt beantworteten Fragen
Ihre Resultats-Entwicklung
Sie haben dieses Quiz seit der letzten Aktualisierung nicht gespielt